Nhớ và nghĩ về học giả Hoàng Xuân Hãn /

Đã lưu trong:
Sonraí Bibleagrafaíochta
Príomhúdar: Nguyễn Huệ Chi, GS.
Formáid: Bài viết
Teanga:Vietnamese
Ábhair:
Clibeanna: Cuir Clib Leis
Gan Chlibeanna, Bí ar an gcéad duine leis an taifead seo a chlibeáil!
Thư viện lưu trữ: Thư viện Trường Đại học Đà Lạt
LEADER 00768nam a2200265 4500
001 DLU090073702
005 ##20090518
040 # # |a DLU  |b vie 
041 # # |a vie 
044 # # |a vn 
100 # # |a Nguyễn Huệ Chi,   |c GS. 
245 # # |a Nhớ và nghĩ về học giả Hoàng Xuân Hãn /  |c Nguyễn Huệ Chi. 
653 # # |a Chân dung văn học 
653 # # |a Hoàng Xuân Hãn, 1908 -1996  
653 # # |a Nhà khoa học 
773 # # |t Tạp chí văn học  |g Số 3, 1996, tr.56 
920 # # |a Phòng Tạp chí -- Trung tâm Thông tin - Thư viện Trường Đại học Đà Lạt 
994 # # |a DLU 
900 # # |a True 
911 # # |a Nguyễn Thị Linh Chi 
925 # # |a G 
926 # # |a A 
927 # # |a BB 
980 # # |a Thư viện Trường Đại học Đà Lạt